|
|
|
|
| LEADER |
00697nab a2200193 i 4500 |
| 001 |
misc45058 |
| 005 |
20191106141048.0 |
| 008 |
181016s1996 hu o 0|| zxx d |
| 022 |
|
|
|a 1215-5233
|
| 040 |
|
|
|a SZTE Miscellanea Repozitórium
|b hun
|
| 041 |
|
|
|a zxx
|
| 100 |
1 |
|
|a Szenes Márta
|
| 245 |
1 |
0 |
|a Új kezdeményezés a pedagógusképzésben
|h [elektronikus dokumentum] /
|c Szenes Márta
|
| 260 |
|
|
|c 1996
|
| 300 |
|
|
|a 176-179
|
| 490 |
0 |
|
|a Iskolakultúra
|v 6 No. 6-7
|
| 695 |
|
|
|a Tanárképzés - Magyarország - 20. sz., Oktatásügy - Magyarország - 20. sz.
|
| 700 |
0 |
1 |
|a Zsolnai Anikó
|e aut
|
| 856 |
4 |
0 |
|u http://misc.bibl.u-szeged.hu/45058/1/iskolakultura_1996_006_007_176-179.pdf
|z Dokumentum-elérés
|